| 000 | 00794cam a2200229 a 4500 | ||
|---|---|---|---|
| 001 | 000015156 | ||
| 005 | 20200929163953.0 | ||
| 008 | 811228s1970 sp 000 0 spa d | ||
| 040 |
_aDO-SdBNP _bspa _cLC _dBNPHU |
||
| 082 |
_a262.136 _bA634p |
||
| 100 | 1 |
_aAnton, Angel. _934306 |
|
| 245 | 1 | 0 |
_aPrimado y colegialidad : _bsus relaciones a la luz del primer Sínodo extraordinario / _cAngel Anton. |
| 260 |
_aMadrid : _bCatólica, _c1970. |
||
| 300 |
_aviii, 267 p. ; _c18 cm. |
||
| 490 | 1 |
_aBiblioteca de Autores Cristianos, _v15 |
|
| 504 | _aIncluye referencias bibliográficas. | ||
| 610 | 2 | 0 |
_aIGLESIA CATÓLICA _xADMINISTRACIÓN _934307 |
| 610 | 2 | 0 |
_aTRABAJADORES _934308 |
| 830 | 0 |
_aBiblioteca de Autores Cristianos, _v15 _94245 |
|
| 910 | _aCatalogación por copia / LC | ||
| 049 | _aBNGR | ||
| 999 |
_c14728 _d14728 |
||